Forecasting income and property value (Record no. 60769)
[ view plain ]
| 000 -LEADER | |
|---|---|
| fixed length control field | 00828cam a2200253 4500 |
| 001 - CONTROL NUMBER | |
| control field | ABS61613 |
| 008 - FIXED-LENGTH DATA ELEMENTS--GENERAL INFORMATION | |
| fixed length control field | 000000n1999 000 0 eng u |
| 035 ## - SYSTEM CONTROL NUMBER | |
| System control number | (Sirsi) u101641 |
| 100 ## - MAIN ENTRY--PERSONAL NAME | |
| Personal name | Morassutti, P. |
| 245 ## - TITLE STATEMENT | |
| Title | Forecasting income and property value |
| 260 ## - PUBLICATION, DISTRIBUTION, ETC. | |
| Date of publication, distribution, etc. | 1999 |
| 490 ## - SERIES STATEMENT | |
| Series statement | The Canadian Appraiser |
| Volume/sequential designation | (43) Fall 1999, 27-31(5) |
| 520 ## - SUMMARY, ETC. | |
| Summary, etc. | Highlights potential problems in carrying out a discounted cash flow analysis, such as choosing an inaccurate discount rate, as looks at ways of testing the results to assess their reasonableness. |
| 590 ## - LOCAL NOTE (RLIN) | |
| Local note | ABS |
| 650 ## - SUBJECT ADDED ENTRY--TOPICAL TERM | |
| Topical term or geographic name entry element | DISCOUNTED CASH FLOW |
| 650 ## - SUBJECT ADDED ENTRY--TOPICAL TERM | |
| Topical term or geographic name entry element | DISCOUNT RATE |
| 650 ## - SUBJECT ADDED ENTRY--TOPICAL TERM | |
| Topical term or geographic name entry element | FORECASTING |
| 650 ## - SUBJECT ADDED ENTRY--TOPICAL TERM | |
| Topical term or geographic name entry element | TESTING |
| 650 ## - SUBJECT ADDED ENTRY--TOPICAL TERM | |
| Topical term or geographic name entry element | ERRORS |
| 650 ## - SUBJECT ADDED ENTRY--TOPICAL TERM | |
| Topical term or geographic name entry element | HOLDING PERIOD |
| 650 ## - SUBJECT ADDED ENTRY--TOPICAL TERM | |
| Topical term or geographic name entry element | CASH FLOW ANALYSIS |
| 690 ## - LOCAL SUBJECT ADDED ENTRY--TOPICAL TERM (OCLC, RLIN) | |
| Topical term or geographic name as entry element | RATING AND VALUATION |
| 942 ## - ADDED ENTRY ELEMENTS (KOHA) | |
| Suppress in OPAC | 0 |
| Withdrawn status | Lost status | Source of classification or shelving scheme | Damaged status | Not for loan | Home library | Current library | Shelving location | Date acquired | Total Checkouts | Full call number | Barcode | Date last seen | Copy number | Price effective from | Koha item type |
|---|---|---|---|---|---|---|---|---|---|---|---|---|---|---|---|
| Dewey Decimal Classification | London | London | Journal article | 09/11/1999 | ABS61613 | 101641-1001 | 06/08/2019 | 1 | 06/08/2019 | Journal article |